WHEATER'S BASIC HISTOLOGY:A COLOUR ATLAS & TEXT (Record no. 901)

MARC details
000 -LEADER
fixed length control field 00343nam a2200133Ia 4500
008 - FIXED-LENGTH DATA ELEMENTS--GENERAL INFORMATION
fixed length control field 150201s2002 xx 000 0 und d
082 ## - DEWEY DECIMAL CLASSIFICATION NUMBER
Classification number 616.07
Item number B02S
100 ## - MAIN ENTRY--PERSONAL NAME
Personal name STEVENS,ALAN
245 ## - TITLE STATEMENT
Title WHEATER'S BASIC HISTOLOGY:A COLOUR ATLAS & TEXT
250 ## - EDITION STATEMENT
Edition statement 4TH
260 ## - PUBLICATION, DISTRIBUTION, ETC. (IMPRINT)
Name of publisher, distributor, etc. CHURCHILL
Place of publication, distribution, etc. LONDON
Date of publication, distribution, etc. 2002
650 ## - SUBJECT ADDED ENTRY--TOPICAL TERM
Topical term or geographic name as entry element HUMAN ANATOMY
942 ## - ADDED ENTRY ELEMENTS (KOHA)
Source of classification or shelving scheme Dewey Decimal Classification
Koha item type Books
Koha issues (borrowed), all copies 3
Holdings
Withdrawn status Lost status Source of classification or shelving scheme Damaged status Not for loan Collection code Home library Current library Shelving location Date acquired Source of acquisition Cost, normal purchase price SGTU Bill Number Total Checkouts Full call number Barcode Date last seen Date last checked out Bill Date Koha item type
    Dewey Decimal Classification     MEDICAL SGT Medical Library SGT Medical Library Text Book 27/02/2010 U.B.S. DELHI 1574.00 SGTU 1008 6 616.07 B02S FM3611 16/02/2026 27/01/2026 27/02/2010 Books
    Dewey Decimal Classification     MEDICAL SGT Medical Library SGT Medical Library Text Book 27/02/2010 U.B.S. DELHI 1574.00 SGTU 1008   616.07 B02S FM3612 09/02/2015   27/02/2010 Books
    Dewey Decimal Classification     MEDICAL SGT Medical Library SGT Medical Library Text Book 27/02/2010 U.B.S. DELHI 1574.00 SGTU 1008 2 616.07 B02S FM3613 27/05/2024 14/05/2024 27/02/2010 Books